Statistiques concernant Devinez le Pays Mystère #49

Cliquez ici pour prendre le quiz!

Statistiques générales

  • Ce quiz a été pris 354 fois
  • Le résultat moyen est 12 sur 17

Statistiques - réponses

Type de RéponseRéponse% Correct
Lettre TrouvéeA
96%
Lettre TrouvéeE
96%
Lettre TrouvéeI
95%
Lettre TrouvéeL
95%
Lettre TrouvéeM
80%
Lettre Bien PlacéeL
74%
Lettre Bien PlacéeI
72%
Lettre Bien PlacéeA
71%
Lettre TrouvéeD
65%
Lettre TrouvéeS
65%
Lettre Bien PlacéeM
60%
Lettre TrouvéeV
58%
Lettre Bien PlacéeD
54%
Lettre Bien PlacéeV
53%
Lettre Bien PlacéeS
52%
Lettre Bien PlacéeE
51%
Pays MystèreMaldives
51%

Distribution des résultats

Percentile par nombre de réponses

% des personnes avec chaque résultat

Votre développement - résultats

Vous n’avez pas pris ce quiz